000 00511nam a22002051 4500
001 1221486
005 20180213081307.0
008 730410s1958 nyua b 000 0 eng
010 _a 58006684
040 _aDLC
_cDLC
_dDLC
041 _aeng
080 _a512.89 GAS
082 0 0 _a512.89 GAS
100 1 _a36
101 _aMAT
245 0 0 _aLinear programming: methods and applications.
504 _aIncludes bibliography.
906 _a7
_bcbc
_corignew
_du
_eocip
_f19
_gy-gencatlg
942 _2ddc
_cBK
999 _c42404
_d42404